Estadísticas para Capitales: Puertos y Santos

Haz click aquí para intentar la prueba.

Estadísticas generales

  • Esta prueba ha sido intentada 1.704 veces
  • La puntuación promedio es 8 de 14

Estadísticas de respuestas

Capital% Correcto
Puerto Príncipe
82%
Santo Domingo
74%
San José
70%
Puerto España
69%
Santo Tomé
60%
San Salvador
58%
Port Moresby
55%
Saint John's
55%
Santiago
53%
San Marino
52%
Saint George
47%
Port Louis
41%
Port Vila
39%
Porto-Novo
38%

Distribución de puntuación

Porcentaje por número respondido

Porcentaje de gente con cada puntuación

Historial de tus puntuaciones

No has intentado esta prueba.